The world as I see it

Bewaard in:
Bibliografische gegevens
Hoofdauteur: Einstein, Albert (autor)
Formaat: Boek
Taal:Engels
Gepubliceerd in: Nueva York Citadel Press 1954
Onderwerpen:
Tags: Voeg label toe
Geen labels, Wees de eerste die dit record labelt!

MARC

LEADER 00000nam a2200000 a 4500
001 UCI1189
003 CL-VaPUC
008 070622e19540000US |||||||||||||||||eng|d
020 |a 080650711X 
082 0 4 |a 081  |b EIN  |2 21 
100 |a Einstein, Albert   |e autor  |9 266229 
245 1 4 |a The world as I see it 
300 |a 112 p 
942 |c BK 
945 |d 20070622 00:00:00  |a jtorresc 
260 |a Nueva York  |b Citadel Press  |c 1954 
650 0 |a Física   |9 227844 
650 0 |a Aspectos sociales  |9 254894 
650 0 |a Filosofía de las ciencias  |9 256466 
583 |a last modification  |c 20180328 11:00:20  |k Rodrigo Vera 
999 |c 326030  |d 326028 
952 |0 0  |1 0  |4 0  |6 081_000000000000000_EIN_1954  |7 0  |8 A  |9 407647  |a BIBALI  |b BIBALI  |c GEN  |d 2019-11-22  |i 4348230  |o 081 EIN 1954  |p 4348230  |r 2025-01-20  |w 2019-11-22  |y BK  |k ALI